Engaged Buddhism in the west / (Record no. 2450)

MARC details
000 -LEADER
fixed length control field 00838cam a2200229 4500
001 - CONTROL NUMBER
control field 3049
005 - DATE AND TIME OF LATEST TRANSACTION
control field 20181127170401.0
008 - FIXED-LENGTH DATA ELEMENTS--GENERAL INFORMATION
fixed length control field 990712s2000 maua b 001 0 eng
010 ## - LIBRARY OF CONGRESS CONTROL NUMBER
LC control number 99036870
020 ## - INTERNATIONAL STANDARD BOOK NUMBER
International Standard Book Number 0861711599 (alk. paper)
043 ## - GEOGRAPHIC AREA CODE
Geographic area code n------
-- e------
-- n-us---
245 00 - TITLE STATEMENT
Title Engaged Buddhism in the west /
Statement of responsibility, etc. Christopher S. Queen, editor.
260 ## - PUBLICATION, DISTRIBUTION, ETC.
Place of publication, distribution, etc. Boston, Mass. :
Name of publisher, distributor, etc. Wisdom Publications,
Date of publication, distribution, etc. 2000.
300 ## - PHYSICAL DESCRIPTION
Extent xi, 544 p. :
Other physical details ill. ;
Dimensions 23 cm.
504 ## - BIBLIOGRAPHY, ETC. NOTE
Bibliography, etc. note Includes bibliographical references (p. 513-523) and index.
650 #0 - SUBJECT ADDED ENTRY--TOPICAL TERM
Topical term or geographic name entry element Buddhism
General subdivision Social aspects
Geographic subdivision Europe
General subdivision History.
Topical term or geographic name entry element Buddhism
General subdivision Social aspects
Geographic subdivision North America
General subdivision History.
Topical term or geographic name entry element Buddhism
General subdivision Social aspects
Geographic subdivision United States
General subdivision History.
Topical term or geographic name entry element Religion and politics.
Topical term or geographic name entry element Religious life
General subdivision Buddhism.
700 1# - ADDED ENTRY--PERSONAL NAME
Personal name Queen, Christopher S.,
Dates associated with a name 1945-
Holdings
Withdrawn status Lost status Source of classification or shelving scheme Damaged status Not for loan Collection code Home library Current library Shelving location Serial Enumeration / chronology Inventory number Total Checkouts Full call number Barcode Date last seen Price effective from Koha item type
    Dewey Decimal Classification     Main TEST RTC Library RTC Library Main opac 5434   241.73 QUE 30004970 27/11/2018 27/11/2018 Main
Royal Thimphu College || All Right Reserved